00616 2200229 4500001002100000005001500021035002000036007000300056008004100059082001400100084002000114100001800134245005200152260004400204300002900248650001800277650001200295650001200307650001600319856002800335990002300363INLIS00000000000661820230904025201 a0010-0923000002ta230904 0 ind  a(03)658.5 a(03)658.5 TIM s1 aTIMPE, A.Dale1 aSeri Manajemen Sumberdaya Manusia Produktivitas aJakarta :bElex Media Komputindo,c1991 a401p. :bilus ;c23,5 cm 4aProduktivitas 4aInovasi 4aEvolusi 4aOtomatisasi aPerpustakaan BSIP Jatim a320/BSIPJATIM/2023